Les 10 villes de France les plus peuplées commençant par P - Statistiques

Statistiques générales
  • Ce quiz a été pris 157 fois
  • Le résultat moyen est 4 sur 10
Statistiques - réponses
# Ville Population % Correct
1 Paris 2.113.705
99%
2 Perpignan 120.996
78%
3 Poitiers 89.472
69%
4 Pau 78.620
67%
8 Poissy 40.792
30%
10 Palaiseau 36.067
25%
6 Pantin 60.954
25%
7 Puteaux 44.198
22%
5 Pessac 66.874
21%
9 Pontault-Combault 38.941
10%
Aucun quiz correspondant
Distribution des résultats
% des personnes avec chaque résultat
Percentile par nombre de réponses
Votre historique - résultats
Vous n’avez pas pris ce quiz